Multiple Choice City Quiz – Vladivostok - Statistics

General Stats
  • This quiz has been taken 83 times
    18 since last reset
  • The average score is 6 of 10
Answer Stats
Question Answer % Correct
Vladivostok is located near which major body of water? Sea of Japan (East Sea)
94%
Vladivostok is the eastern terminus of which famous railway? Trans-Siberian Railway
94%
Which Russian naval fleet is headquartered in Vladivostok? Pacific Fleet
88%
What does the name “Vladivostok” mean in Russian? Ruler of the East
81%
Which country is closest to Vladivostok by land? China
75%
Which country occupied Vladivostok during part of the Russian Civil War (1918–1922)? Japan
75%
Which of these is the Russky Bridge in Vladivostok?
50%
Which annual international event has boosted Vladivostok’s global profile in recent years? Eastern Economic Forum
25%
Which animal is featured in the coat of arms of Vladivostok? Tiger
25%
What river or waterway gives Vladivostok its natural harbor? Golden Horn Bay
19%
No matching quizzes found
Score Distribution
Percent of People with Each Score
Percentile by Number Answered
Your Score History
You have not taken this quiz since the last reset